| 000 | 00925cac a22002411u 4500 | ||
|---|---|---|---|
| 008 | 081113t2008 xxu||||| |||| 00| 0 eng d | ||
| 010 | _a2007013459 | ||
| 020 | _a9780131846197 | ||
| 020 | _a0131846191 | ||
| 082 | 0 | 0 |
_a174.4 _bETH _222 |
| 245 | 0 | 0 |
_aEthical issues in business : _ba philosophical approach / _c[edited by] Thomas Donaldson, Patricia H. Werhane, Joseph Van Zandt. |
| 250 | _a8th ed. | ||
| 260 |
_aUpper Saddle River, N.J. : _bPearson Prentice Hall, _c2008. |
||
| 300 | _ap. cm. | ||
| 504 | _aIncludes bibliographical references. | ||
| 650 | 0 |
_aBusiness ethics _vCase studies. _928232 |
|
| 650 | 0 |
_aSocial responsibility of business _vCase studies. _928233 |
|
| 700 | 1 |
_aWerhane, Patricia Hogue. _928234 |
|
| 700 | 1 |
_aVan Zandt, Joseph. _928235 |
|
| 700 | 1 |
_aDonaldson, Thomas _91148 |
|
| 856 | 4 | 1 |
_3Table of contents only _uhttp://www.loc.gov/catdir/toc/ecip0714/2007013459.html |
| 942 |
_cBB _k174.4D6761 _2ddc |
||
| 999 |
_c4808 _d4808 |
||